00701nam a2200241 a 4500001001300000003000900013005001700022008004100039020001000080082001500090100002500105245004400130260003800174300000900212500003500221505001400256650002100270700002500291902000800316942000700324952011500331999001300446nice12345678IN_TiNIC20260116011354.0050524s1950 pata grp 000 0 urd  ac10000a297.2bNAD aNadvi, Syed Sulaiman aMazamin-E-Sayyid Sulaiman Nadvi. Part 1 aPatnabMaktaba Ilm-O-Hikmatc1950 a392p aincludes index and biblioraphy2 areference aIslam-Miscellany1 aNadvi, Syed Sulaiman bSRS cBK 001040708StackRoom-aHMIbHMId2007-07-06g100.00l0o297.2 NADp04853r2007-07-06v100.00w2005-05-24yBK c948d948